000 00740nam a2200289Ia 4500
005 20260324142815.0
008 008 260324s9999 xx 000 0 eng d
020 _a9780429301124
037 _aEBOOK
040 _aCRL
040 _beng
040 _cCRL
041 _2eng
041 _aeng
084 _qCRL
100 _aKathryn D. Talley; Doug A Timmer; D. Stanley Eitzen; D Stanley Eitzen
_91213312
245 0 _aPaths To Homelessness
245 0 _bExtreme Poverty And The Urban Housing Crisis
260 _bTaylor and Francis
260 _c1994
365 _a
365 _b230
856 _uhttp://www.taylorfrancis.com/books/9780429301124
942 _cEBOOK
999 _c1817937
_d1817937